Los Pueblos Más Bonitos de España - Estadísticas

Estadísticas generales
  • Esta prueba ha sido intentada 283 veces
    12 desde el último reinicio
  • La puntuación promedio es 19 de 126
Estadísticas de respuestas
Comunidad Autónoma Provincia Año adhesión Pueblo % Correcto
Aragón Teruel 2013 Albarracín
45%
Andalucía Málaga 2015 Frigiliana
45%
Andalucía Almería 2013 Mojácar
45%
Andalucía Almería 2019 Níjar
45%
Comunidad Valenciana Castellón 2013 Peñíscola
45%
Andalucía Cádiz 2014 Vejer de la Frontera
45%
Castilla y León Burgos 2014 Frías
36%
Andalucía Cádiz 2017 Grazalema
36%
Comunidad Valenciana Castellón 2013 Morella
36%
Andalucía Granada 2013 Pampaneira
36%
Cantabria Cantabria 2013 Santillana del Mar
36%
Andalucía Cádiz 2019 Setenil de las Bodegas
36%
Aragón Huesca 2015 Aínsa
27%
Andalucía Granada 2018 Bubión
27%
Comunidad de Madrid Madrid 2017 Chinchón
27%
Cantabria Cantabria 2024 Comillas
27%
Asturias Asturias 2021 Cudillero
27%
Comunidad Valenciana Castellón 2019 Culla
27%
Castilla y León Soria 2023 El Burgo de Osma
27%
Extremadura Cáceres 2018 Guadalupe
27%
Extremadura Badajoz 2025 Jerez de los Caballeros
27%
Castilla y León Segovia 2014 Pedraza
27%
Cantabria Cantabria 2019 Potes
27%
Castilla y León Burgos 2022 Puentedey
27%
Aragón Teruel 2013 Rubielos de Mora
27%
Extremadura Cáceres 2024 Trujillo
27%
Castilla y León Soria 2017 Yanguas
27%
Andalucía Cádiz 2018 Zahara de la Sierra
27%
Canarias Santa Cruz de Tenerife 2021 Agulo
18%
Aragón Huesca 2015 Alquézar
18%
Aragón Huesca 2015 Ansó
18%
Cantabria Cantabria 2015 Bárcena Mayor
18%
Canarias Las Palmas 2019 Betancuria
18%
Aragón Teruel 2013 Calaceite
18%
Aragón Teruel 2014 Cantavieja
18%
Andalucía Granada 2017 Capileira
18%
Castilla y León León 2019 Castrillo de los Polvazares
18%
Castilla y León Burgos 2017 Covarrubias
18%
Comunidad Valenciana Alicante 2015 El Castell de Guadalest
18%
Canarias Santa Cruz de Tenerife 2021 Garachico
18%
Asturias Asturias 2014 Lastres
18%
Castilla-La Mancha Albacete 2025 Letur
18%
Aragón Teruel 2018 Mirambel
18%
Castilla y León Salamanca 2014 Mogarraz
18%
Galicia Lugo 2018 Mondoñedo
18%
Extremadura Badajoz 2019 Olivenza
18%
Extremadura Cáceres 2019 Robledillo de Gata
18%
Andalucía Jaén 2018 Segura de la Sierra
18%
Canarias Las Palmas 2019 Teguise
18%
Canarias Las Palmas 2015 Tejeda
18%
Comunidad Valenciana Castellón 2015 Villafamés
18%
Castilla y León Soria 2019 Vinuesa
18%
Andalucía Córdoba 2016 Zuheros
18%
Castilla-La Mancha Albacete 2014 Alcalá del Júcar
9%
Baleares Baleares 2019 Alcudia
9%
Castilla-La Mancha Ciudad Real 2015 Almagro
9%
Andalucía Huelva 2018 Almonaster la Real
9%
Comunidad Valenciana Valencia 2026 Alpuente
9%
Castilla y León Palencia 2024 Ampudia
9%
Aragón Zaragoza 2015 Anento
9%
Cataluña Lérida 2023 Artiés
9%
Castilla-La Mancha Guadalajara 2019 Atienza
9%
Castilla y León Segovia 2013 Ayllón
9%
Andalucía Jaén 2021 Baños de la Encina
9%
Cataluña Gerona 2021 Beget
9%
Castilla y León Soria 2025 Berlanga de Duero
9%
Castilla y León Ávila 2019 Bonilla de la Sierra
9%
La Rioja La Rioja 2018 Briones
9%
Asturias Asturias 2021 Bulnes
9%
Castilla y León Burgos 2017 Caleruega
9%
Cantabria Cantabria 2019 Carmona
9%
Andalucía Cádiz 2019 Castellar de la Frontera
9%
Galicia Orense 2018 Castro Caldelas
9%
Castilla y León Salamanca 2016 Ciudad Rodrigo
9%
Cataluña Lérida 2023 Durro
9%
Baleares Baleares 2017 Fornalutx
9%
Andalucía Málaga 2021 Genalguacil
9%
Castilla y León Salamanca 2014 La Alberca
9%
País Vasco Álava 2016 Laguardia
9%
Castilla y León Salamanca 2018 Ledesma
9%
Castilla y León Burgos 2018 Lerma
9%
Cantabria Cantabria 2016 Liérganes
9%
Aragón Teruel 2025 Linares de Mora
9%
Extremadura Badajoz 2025 Llerena
9%
Andalucía Almería 2013 Lucainena de las Torres
9%
Castilla y León Segovia 2013 Maderuelo
9%
Castilla y León Soria 2013 Medinaceli
9%
Castilla y León Salamanca 2017 Miranda del Castañar
9%
Castilla y León León 2021 Molinaseca
9%
Castilla y León Soria 2019 Monteagudo de las Vicarías
9%
Comunidad de Madrid Madrid 2021 Nuevo Baztán
9%
Galicia Orense 2026 Osera
9%
Andalucía Málaga 2024 Parauta
9%
Castilla y León León 2016 Peñalba de Santiago
9%
Galicia La Coruña 2019 Pontemaceira
9%
Castilla y León Zamora 2017 Puebla de Sanabria
9%
Aragón Teruel 2013 Puertomingalvo
9%
Aragón Huesca 2019 Roda de Isábena
9%
Navarra Navarra 2021 Roncal
9%
La Rioja La Rioja 2017 Sajazarra
9%
Castilla y León Burgos 2026 Santa Gadea del Cid
9%
Aragón Zaragoza 2016 Sos del Rey Católico
9%
Asturias Asturias 2016 Torazo
9%
Extremadura Cáceres 2024 Trevejo
9%
Andalucía Granada 2023 Trevélez
9%
Navarra Navarra 2017 Ujué
9%
Castilla y León Valladolid 2014 Urueña
9%
Castilla-La Mancha Guadalajara 2013 Valverde de los Arroyos
9%
Castilla-La Mancha Ciudad Real 2017 Villanueva de los Infantes
9%
La Rioja La Rioja 2019 Viniegra de Abajo
9%
La Rioja La Rioja 2019 Viniegra de Arriba
9%
Cataluña Lérida 2019 Bagergue
0%
Castilla y León Salamanca 2015 Candelario
0%
Castilla y León Burgos 2023 Castrojeriz
0%
Cataluña Lérida 2023 Garós
0%
Castilla-La Mancha Guadalajara 2017 Hita
0%
Aragón Teruel 2025 La Fresneda
0%
Cantabria Cantabria 2019 Mogrovejo
0%
Castilla-La Mancha Guadalajara 2019 Pastrana
0%
Castilla y León Burgos 2025 Poza de la Sal
0%
Extremadura Cáceres 2019 San Martín de Trevejo
0%
Castilla y León Segovia 2016 Sepúlveda
0%
Asturias Asturias 2019 Tazones
0%
Aragón Teruel 2013 Valderrobres
0%
Extremadura Cáceres 2021 Valverde de la Vera
0%
Galicia Orense 2026 Vilanova
0%
No se encontraron pruebas coincidentes
Distribución de puntuación
Porcentaje de gente con cada puntuación
Porcentaje por número respondido
Historial de tus puntuaciones
No has intentado esta prueba desde el último reinicio